| 000 | 00631nam a2200181 a 4500 | ||
|---|---|---|---|
| 001 | 001038458 | ||
| 003 | AM-YeHGA | ||
| 005 | 20250617150849.0 | ||
| 008 | 140926s1980 ||| r 000 0 rus d | ||
| 040 | _aAM-YeHGA | ||
| 041 | 0 | _arus | |
| 245 | 0 | 0 |
_aПублицистическая мысль и социальная практика : _b(Проблемы гуманизма в журналистике). |
| 260 |
_aКазань : _bИзд-во Казан. ун-та, _c1980. |
||
| 300 | _a144 с. | ||
| 504 | _aБиблиогр. в примеч. в конце ст. | ||
| 653 | 0 | _aЖурналистика | |
| 090 | _c341861 | ||
| 999 |
_c340077 _d340077 |
||